00461 a2200157 4500001000700000020000600007040001100013100002400024240005600048245005100104362000900155697001100164942000700175952010200182999001900284168868 a  cMagnum aRosing, Tania M. K.10aA formacao do professor e a questao da leituralpor10aA formacao do professor e a questao da leitura0 a1899 aENSINO cBK 00104070a32.5b32.5d2024-06-08l0oLI.07225pMAG00013391r2024-06-08 20:41:19w2024-06-08yBK c168868d168868